On This Day: March 30th II Quiz Stats

 Plays Quiz Updated Mar 30, 2018

Score 0/7 Timer 03:00
0 Plays Today
Question Answer Wrong Answers
At the 64th Academy Awards, this movie wins for Best Picture, with the film’s stars, Anthony Hopkins and Jodie Foster, also winning Oscars.
1992
The Silence of the Lambs
94.5%
Bram Stoker's Dracula
0.5%
Dances With Wolves
2%
Contact
1%
This Canadian singer-songwriter, known for hits like ‘My Heart Will Go On’ and ‘Because You Loved Me’, is born.
1968
Celine Dion
92.8%
Whitney Houston
2.1%
Shania Twain
2.9%
Madonna
0.6%
A riot breaks out in Austurvöllur square in Reykjavík when ______ joins NATO, thereby involving the country directly in the Cold War.
1949
Iceland
83.7%
Norway
4.3%
Finland
5%
Denmark
5.7%
______ conducts the world’s first relaunch and landing of a used orbital class rocket.
2017
SpaceX
63%
NASA
21.8%
European Space Agency
4.6%
Virgin Galactic
8.4%
‘Border Ruffians’ from this slave state invade Kansas Territory and force the election of a pro-slavery legislature.
1855
Missouri
61.8%
Nebraska
14.7%
Wyoming
3.2%
Tennessee
19%
In the War of the ______ Coalition, the Allies march into Paris after a short battle, eventually forcing Napoleon to abdicate.
1814
Sixth
43.6%
Tenth
14.5%
Forty-Fourth
14.9%
First
26.9%
Originally ceded to the United States from Spain as part of the 1819 Adams–Onís Treaty, the ______ Territory is created by the United States.
1822
Florida
43.1%
California
15.5%
Texas
15%
Louisiana
25.8%

You're not logged in!

Compare scores with friends on all Sporcle quizzes.
OR
Log In

You Might Also Like...

Show Comments

Extras

Top Quizzes Today


Score Distribution

Your Account Isn't Verified!

In order to create a playlist on Sporcle, you need to verify the email address you used during registration. Go to your Sporcle Settings to finish the process.

Report this User

Report this user for behavior that violates our Community Guidelines.

Details: